Statystyki dla Państwa świata po kształcie flagi #8

Kliknij tutaj aby rozwiązać quiz!

Ogólne statystyki

  • Ten quiz został rozwiązany 16 031 razy
  • Średni wynik to 13 z 16

Statystyki odpowiedzi

Odpowiedź% Poprawnych
Watykan
99%
Irlandia
94%
Bułgaria
93%
Holandia
93%
Słowenia
93%
Irak
88%
Bangladesz
85%
Kenia
85%
Ekwador
81%
Paragwaj
79%
Etiopia
78%
Ghana
77%
Kambodża
75%
Laos
74%
Libia
69%
Malawi
51%

Rozkład punktacji

Percentyl według liczby udzielonych odpowiedzi

Procent ludzi z każdym wynikiem

Twoja historia wyników

Nie rozwiązałeś tego quizu